header

Reflections on blaxploitation (Record no. 132704)

MARC details
000 -LEADER
fixed length control field 01582nam a2200385Ia 4500
100 1# - MAIN ENTRY--AUTHOR NAME
Personal name Walker, David.
245 10 - TITLE STATEMENT
Title Reflections on blaxploitation
260 ## - PUBLICATION, DISTRIBUTION, ETC. (IMPRINT)
Place of publication Lanham, MD :
Name of publisher Scarecrow Press,
Year of publication 2009.
300 ## - PHYSICAL DESCRIPTION
Number of Pages x, 237 p. :
Other physical details ill.
650 #0 - SUBJECT ADDED ENTRY--TOPICAL TERM
Topical Term Blaxploitation films
Topical Term African Americans in motion pictures.
Topical Term African American actors
Topical Term African American motion picture producers and directors
700 1# - ADDED ENTRY--PERSONAL NAME
Personal name Rausch, Andrew J.
Personal name Watson, Chris.
856 40 - ELECTRONIC LOCATION AND ACCESS
Uniform Resource Identifier http://site.ebrary.com/lib/rucke/Doc?id=10437308

No items available.

© 2026 Rongo University
Contact us: librarian | system librarian | Rongo university